000 00852nam a2200277Ia 4500
003 OSt
005 20221005062427.0
006 a|||||r|||| 00| 0
007 ta
008 221004b |||||||| |||| 00| 0 eng d
020 _a9781538116722 (pbk)
_cUKP 23.95
024 _a68024
037 _b4440, 03/03/2020, Govinda Book House
_cTextual
040 _aCRL
_cCRL
_beng
041 _2eng
_aeng
082 _aW0gU, Q9
100 _aDittmer Jeason Au.
_9601823
245 0 _aPopular culture, geopolitics, and identity
250 _a2nd
260 _aLondon
_bRowman & Littlefield UK
_c2019
300 _axiv,221p.
_ccm.
650 _aGEOPOLITICS
_940978
700 _a Bos Daniel Au.
_9601824
942 _hW0gU, Q9
_cTEXL
_2cc
999 _c969694
_d969694